000 00472pab a2200181 454500
008 180718b2003 xxu||||| |||| 00| 0 eng d
100 _aSanjay Kumar
245 _aPrimary education in rural areas: an alternative model
260 _c2003
300 _ap.3533-536.
362 _a23 Aug
650 _aEducation
650 _aPrimary education
700 _aBalasubramanian, S.
700 _aKoppar, B.J.
773 _aEconomic and Political Weekly
909 _a58042
999 _c58042
_d58042